000 00981nam a2200217 i 4500
001 39652
003 ES-MaACL
005 20230906160044.0
007 t|
008 030303s1900 sp ||||1| spa d
100 1 _aCanals y Vilaró, Salvador.
_934421
245 1 0 _aAsturias
_b: información sobre su presente estado moral y material /
_cSalvador Canals y Vilaró.
260 _aMadrid :
_b[s.n.,
_c1900] (
_fM. Romero)
300 _aXXXII, 187 p. ;
_c21 cm.
530 _aDisponible en formato digital.
594 _aCon una carta-prólogo de Alejandro Pidal, y otros originales de fray Ramón Martínez Vigil,, de Armando Palacio Valdés, de Vital Aza, de Leandro Cubillo y de Adolfo Posada.
651 4 _aAsturias (Comunidad Autónoma)-
_xSituación económica.
_9171123
651 4 _aAsturias (Comunidad Autónoma)-
_xSituación social.
_9171124
852 _aES-MaACL
_jG-276
856 _uhttp://bdh-rd.bne.es/viewer.vm?id=0000060294&page=1
_zBiblioteca Digital Hispánica
999 _c39652
_d39652